00717nam a2200205Ia 4500003000900000008004100009020001800050040001600068080001600084100001700100245016900117260004600286300001400332500002600346650004100372650002900413650002300442650001700465700002900482IN-BaIIA211028s9999 xx 000 0 eng d a0-8165-0530-6 cIIA Library a523.45bGEH aGehrels, Tom 0aJupiterbstudies of the Interior atmosphere, magnetospheres and satellitescTom Gehrels and Mildred Shapley Mathews  aTucsonbUniversity of Arizona Pressc1976 ax, 1254p. aDonated by Mrs. Bappu aAstronomy and Astrophysics Thesaurus aPlanetary System-Jupiter aSatelllite-Jupiter aSolar System aMathews, Mildred Shapley